<?xml version="1.0" encoding="UTF-8"?>
<record
    xmlns:xsi="http://www.w3.org/2001/XMLSchema-instance"
    xsi:schemaLocation="http://www.loc.gov/MARC21/slim http://www.loc.gov/standards/marcxml/schema/MARC21slim.xsd"
    xmlns="http://www.loc.gov/MARC21/slim">

  <leader>02970ngm a2200457   4500</leader>
  <controlfield tag="003">dpl</controlfield>
  <controlfield tag="005">20100304133256.0</controlfield>
  <controlfield tag="007">DVD</controlfield>
  <controlfield tag="008">||||||sp199   xxu|||||c |||  00| 0 ng d </controlfield>
  <datafield tag="010" ind1=" " ind2=" ">
    <subfield code="a">DVD-005898-5905 &amp; DVD-006359</subfield>
  </datafield>
  <datafield tag="024" ind1=" " ind2=" ">
    <subfield code="c">99.00</subfield>
    <subfield code="a">TSDVD-2425</subfield>
  </datafield>
  <datafield tag="035" ind1=" " ind2=" ">
    <subfield code="a">DVD-005898-5905</subfield>
  </datafield>
  <datafield tag="035" ind1=" " ind2=" ">
    <subfield code="a">DVD-006359</subfield>
  </datafield>
  <datafield tag="040" ind1=" " ind2=" ">
    <subfield code="a">DPL</subfield>
    <subfield code="c">DPL</subfield>
  </datafield>
  <datafield tag="082" ind1=" " ind2=" ">
    <subfield code="a">DVD JAAN</subfield>
  </datafield>
  <datafield tag="245" ind1=" " ind2=" ">
    <subfield code="a">Jaane Tu Ya Jaane Na</subfield>
    <subfield code="c">Amir  Khan Production Presents</subfield>
    <subfield code="h">[videorecording] DVD/</subfield>
  </datafield>
  <datafield tag="260" ind1=" " ind2=" ">
    <subfield code="b">Super Cassette Industries</subfield>
  </datafield>
  <datafield tag="300" ind1=" " ind2=" ">
    <subfield code="a">1 videodisc DVD;</subfield>
    <subfield code="b">sd., col. ;</subfield>
    <subfield code="c">4 3/4 in.</subfield>
    <subfield code="f">DVD</subfield>
  </datafield>
  <datafield tag="440" ind1=" " ind2=" ">
    <subfield code="a">T Series Home Entertainment</subfield>
  </datafield>
  <datafield tag="500" ind1=" " ind2=" ">
    <subfield code="a">Collector's Choice</subfield>
  </datafield>
  <datafield tag="538" ind1=" " ind2=" ">
    <subfield code="a">Dolby Digital 5.1 - Hindi Subtitles: English</subfield>
  </datafield>
  <datafield tag="650" ind1=" " ind2=" ">
    <subfield code="a">Motion Picture</subfield>
  </datafield>
  <datafield tag="700" ind1=" " ind2=" ">
    <subfield code="a">Mansoor Khan</subfield>
  </datafield>
  <datafield tag="700" ind1=" " ind2=" ">
    <subfield code="a">aamir Khan</subfield>
  </datafield>
  <datafield tag="700" ind1=" " ind2=" ">
    <subfield code="a">Ajay Bijli</subfield>
  </datafield>
  <datafield tag="700" ind1=" " ind2=" ">
    <subfield code="a">Sanjeev K. Bijli</subfield>
  </datafield>
  <datafield tag="700" ind1=" " ind2=" ">
    <subfield code="a">A.R.Rehmna</subfield>
  </datafield>
  <datafield tag="700" ind1=" " ind2=" ">
    <subfield code="a">Tyrewala, Abbas</subfield>
  </datafield>
  <datafield tag="942" ind1=" " ind2=" ">
    <subfield code="c">CF</subfield>
    <subfield code="2">ddc</subfield>
    <subfield code="h">DVD</subfield>
    <subfield code="m">JAAN</subfield>
  </datafield>
  <datafield tag="999" ind1=" " ind2=" ">
    <subfield code="c">34396</subfield>
    <subfield code="d">34396</subfield>
  </datafield>
  <datafield tag="952" ind1=" " ind2=" ">
    <subfield code="0">0</subfield>
    <subfield code="1">0</subfield>
    <subfield code="2">ddc</subfield>
    <subfield code="4">0</subfield>
    <subfield code="7">0</subfield>
    <subfield code="a">L</subfield>
    <subfield code="b">L</subfield>
    <subfield code="d">2010-03-04</subfield>
    <subfield code="e">Pioneers/1003/28-11-09/325/13-10-09 /30-11-09 </subfield>
    <subfield code="g">99.00</subfield>
    <subfield code="l">20</subfield>
    <subfield code="o">DVD JAAN</subfield>
    <subfield code="p">DVD-005898</subfield>
    <subfield code="r">2018-07-02 00:00:00</subfield>
    <subfield code="s">2018-06-24</subfield>
    <subfield code="t">1</subfield>
    <subfield code="v">99.00</subfield>
    <subfield code="w">2010-03-04</subfield>
    <subfield code="y">CF</subfield>
  </datafield>
  <datafield tag="952" ind1=" " ind2=" ">
    <subfield code="0">0</subfield>
    <subfield code="1">0</subfield>
    <subfield code="2">ddc</subfield>
    <subfield code="4">0</subfield>
    <subfield code="7">0</subfield>
    <subfield code="a">BL1</subfield>
    <subfield code="b">BL1</subfield>
    <subfield code="d">2010-03-04</subfield>
    <subfield code="e">Pioneers/1003/28-11-09/325/13-10-09 /30-11-09 </subfield>
    <subfield code="g">99.00</subfield>
    <subfield code="l">16</subfield>
    <subfield code="o">DVD JAAN</subfield>
    <subfield code="p">DVD-005899</subfield>
    <subfield code="r">2012-02-26 00:00:00</subfield>
    <subfield code="s">2012-02-13</subfield>
    <subfield code="t">1</subfield>
    <subfield code="v">99.00</subfield>
    <subfield code="w">2010-03-04</subfield>
    <subfield code="y">CF</subfield>
  </datafield>
  <datafield tag="952" ind1=" " ind2=" ">
    <subfield code="0">0</subfield>
    <subfield code="1">0</subfield>
    <subfield code="2">ddc</subfield>
    <subfield code="4">0</subfield>
    <subfield code="7">0</subfield>
    <subfield code="a">ZLS</subfield>
    <subfield code="b">ZLS</subfield>
    <subfield code="d">2010-03-04</subfield>
    <subfield code="e">Pioneers/1003/28-11-09/325/13-10-09 /30-11-09 </subfield>
    <subfield code="g">99.00</subfield>
    <subfield code="l">30</subfield>
    <subfield code="m">1</subfield>
    <subfield code="o">DVD JAAN</subfield>
    <subfield code="p">DVD-005900</subfield>
    <subfield code="r">2017-05-24 00:00:00</subfield>
    <subfield code="s">2017-05-09</subfield>
    <subfield code="t">1</subfield>
    <subfield code="v">99.00</subfield>
    <subfield code="w">2010-03-04</subfield>
    <subfield code="y">CF</subfield>
  </datafield>
  <datafield tag="952" ind1=" " ind2=" ">
    <subfield code="0">0</subfield>
    <subfield code="1">0</subfield>
    <subfield code="2">ddc</subfield>
    <subfield code="4">0</subfield>
    <subfield code="7">0</subfield>
    <subfield code="a">RKP</subfield>
    <subfield code="b">RKP</subfield>
    <subfield code="d">2010-03-04</subfield>
    <subfield code="e">Pioneers/1003/28-11-09/325/13-10-09 /30-11-09 </subfield>
    <subfield code="g">99.00</subfield>
    <subfield code="l">4</subfield>
    <subfield code="o">DVD JAAN</subfield>
    <subfield code="p">DVD-005901</subfield>
    <subfield code="r">2013-03-08 00:00:00</subfield>
    <subfield code="s">2013-02-04</subfield>
    <subfield code="t">1</subfield>
    <subfield code="v">99.00</subfield>
    <subfield code="w">2010-03-04</subfield>
    <subfield code="y">CF</subfield>
  </datafield>
  <datafield tag="952" ind1=" " ind2=" ">
    <subfield code="0">0</subfield>
    <subfield code="1">0</subfield>
    <subfield code="2">ddc</subfield>
    <subfield code="4">0</subfield>
    <subfield code="7">0</subfield>
    <subfield code="a">VP</subfield>
    <subfield code="b">VP</subfield>
    <subfield code="d">2010-03-04</subfield>
    <subfield code="e">Pioneers/1003/28-11-09/325/13-10-09 /30-11-09 </subfield>
    <subfield code="g">99.00</subfield>
    <subfield code="l">10</subfield>
    <subfield code="o">DVD JAAN</subfield>
    <subfield code="p">DVD-005902</subfield>
    <subfield code="r">2013-08-06 00:00:00</subfield>
    <subfield code="s">2013-07-22</subfield>
    <subfield code="t">1</subfield>
    <subfield code="v">99.00</subfield>
    <subfield code="w">2010-03-04</subfield>
    <subfield code="y">CF</subfield>
  </datafield>
  <datafield tag="952" ind1=" " ind2=" ">
    <subfield code="0">0</subfield>
    <subfield code="1">0</subfield>
    <subfield code="2">ddc</subfield>
    <subfield code="4">0</subfield>
    <subfield code="7">0</subfield>
    <subfield code="a">BL3</subfield>
    <subfield code="b">BL3</subfield>
    <subfield code="d">2010-03-04</subfield>
    <subfield code="e">Pioneers/1003/28-11-09/325/13-10-09 /30-11-09 </subfield>
    <subfield code="g">99.00</subfield>
    <subfield code="l">18</subfield>
    <subfield code="o">DVD JAAN</subfield>
    <subfield code="p">DVD-005903</subfield>
    <subfield code="r">2012-02-14 00:00:00</subfield>
    <subfield code="s">2012-01-31</subfield>
    <subfield code="t">1</subfield>
    <subfield code="v">99.00</subfield>
    <subfield code="w">2010-03-04</subfield>
    <subfield code="y">CF</subfield>
  </datafield>
  <datafield tag="952" ind1=" " ind2=" ">
    <subfield code="0">0</subfield>
    <subfield code="1">0</subfield>
    <subfield code="2">ddc</subfield>
    <subfield code="4">0</subfield>
    <subfield code="7">0</subfield>
    <subfield code="a">NR</subfield>
    <subfield code="b">NR</subfield>
    <subfield code="d">2010-03-04</subfield>
    <subfield code="e">Pioneers/1003/28-11-09/325/13-10-09 /30-11-09 </subfield>
    <subfield code="g">99.00</subfield>
    <subfield code="l">14</subfield>
    <subfield code="o">DVD JAAN</subfield>
    <subfield code="p">DVD-005904</subfield>
    <subfield code="r">2013-07-01 00:00:00</subfield>
    <subfield code="s">2013-06-22</subfield>
    <subfield code="t">1</subfield>
    <subfield code="v">99.00</subfield>
    <subfield code="w">2010-03-04</subfield>
    <subfield code="y">CF</subfield>
  </datafield>
  <datafield tag="952" ind1=" " ind2=" ">
    <subfield code="0">0</subfield>
    <subfield code="1">0</subfield>
    <subfield code="2">ddc</subfield>
    <subfield code="4">0</subfield>
    <subfield code="7">0</subfield>
    <subfield code="a">BL4</subfield>
    <subfield code="b">BL4</subfield>
    <subfield code="d">2010-03-04</subfield>
    <subfield code="e">Pioneers/1003/28-11-09/325/13-10-09 /30-11-09 </subfield>
    <subfield code="g">99.00</subfield>
    <subfield code="l">0</subfield>
    <subfield code="o">DVD JAAN</subfield>
    <subfield code="p">DVD-005905</subfield>
    <subfield code="r">2010-03-04 00:00:00</subfield>
    <subfield code="t">1</subfield>
    <subfield code="v">99.00</subfield>
    <subfield code="w">2010-03-04</subfield>
    <subfield code="y">CF</subfield>
  </datafield>
  <datafield tag="952" ind1=" " ind2=" ">
    <subfield code="0">0</subfield>
    <subfield code="1">0</subfield>
    <subfield code="2">ddc</subfield>
    <subfield code="4">0</subfield>
    <subfield code="7">0</subfield>
    <subfield code="a">JP</subfield>
    <subfield code="b">JP</subfield>
    <subfield code="d">2010-03-11</subfield>
    <subfield code="e">Pioneers/1099/25-12-09/325/13-10-09 /30-12-09 </subfield>
    <subfield code="g">99.00</subfield>
    <subfield code="l">11</subfield>
    <subfield code="o">DVD JAAN</subfield>
    <subfield code="p">DVD-006359</subfield>
    <subfield code="r">2013-06-28 00:00:00</subfield>
    <subfield code="s">2013-06-26</subfield>
    <subfield code="t">1</subfield>
    <subfield code="v">99.00</subfield>
    <subfield code="w">2010-03-11</subfield>
    <subfield code="y">CF</subfield>
  </datafield>
</record>
